Leadership coaching: Working with leaders to development performance (Record no. 19728)

MARC details
000 -LEADER
fixed length control field 00536nam a2200181Ia 4500
008 - FIXED-LENGTH DATA ELEMENTS--GENERAL INFORMATION
fixed length control field 230917s9999||||xx |||||||||||||| ||und||
020 ## - ISBN
Price GBP29.99
040 ## - CATALOGING SOURCE
-- 235648
Original cataloging agency VIVEKANANDA LIBRARY
041 ## - Language
-- English
082 ## - DDC NUMBER
Classification number 658.4092 P267L(2)
100 ## - MAIN ENTRY--PERSONAL NAME
Personal name Passmore, Jonathan, ed.
245 #0 - TITLE STATEMENT
Title Leadership coaching: Working with leaders to development performance
250 ## - EDITION STATEMENT
Edition statement 2nd ed.
260 ## - PUBLICATION, DISTRIBUTION, ETC. (IMPRINT)
Place of publication, distribution, etc London
Name of publisher, distributor, etc Kogan Page
Date of publication, distribution, etc 2015
300 ## - PHYSICAL DESCRIPTION
Pages xxii, 359 p.
500 ## - GENERAL NOTE
General note 2447 07/11/2016 HBD16/6706 07/11/2016 IMSAR (Dev. & Research)
942 ## - ADDED ENTRY ELEMENTS (KOHA)
Koha item type Books
Holdings
Withdrawn status Lost status Damaged status Not for loan Location (home branch) Sublocation or collection (holding branch) Shelving location Date acquired Koha issues (times borrowed) Koha full call number Accession No. Koha date last seen Koha item type
        VIVEKANANDA LIBRARY VIVEKANANDA LIBRARY IMSAR Library 16/12/2016   658.4092 P267L(2) 354252 17/09/2023 Books
        VIVEKANANDA LIBRARY VIVEKANANDA LIBRARY IMSAR Library 16/12/2016   658.4092 P267L(2) 359114 17/09/2023 Books
© Designed and Maintained by Vivekananda Library, MDU Rohtak